Streamer anhand der Körpergröße erraten - Statistiken

Allgemein
  • Dieses Quiz wurde 205 mal gespielt
    175 seit der letzten Aktualisierung
  • Das Durchschnittsergebnis liegt bei 5 aus 19
Antwortstatistiken
Hint Antwort % Korrekt
1,82 m Montana Black
88%
1,78 m Papaplatte
71%
1,92 m Trymacs
60%
1,80 m eliasn97
36%
1,77 m Knossi
35%
1,90 m Gronkh
31%
1,76 m Elotrix
27%
1,85 m Rewinside
27%
1,70 m Rezo
25%
1,71 m Julien Bam
20%
1,90 m HandofBlood
19%
1,83 m Amar
14%
1,77 m Inscope21
12%
1,86 m MckyTV
10%
1,81 m unsympathischTV
10%
1,85 m Tanzverbot
7%
1,90 m Marc Eggers
2%
1,78 m abugoku9999
1%
1,76 m ApoRed
1%
Keine übereinstimmenden Quizze gefunden
Verteilung der Resultate
Anzahl Personen mit jedem Resultat
Perzentil nach korrekt beantworteten Fragen
Ihre Resultats-Entwicklung
Sie haben dieses Quiz seit der letzten Aktualisierung nicht gespielt